FPGA Implementation Of Learning For Online System Identification (Record no. 233612)

MARC details
000 -LEADER
fixed length control field 00850nam a2200145Ia 4500
008 - FIXED-LENGTH DATA ELEMENTS--GENERAL INFORMATION
fixed length control field 231221s9999 xx 000 0 und d
041 ## - LANGUAGE CODE
Language code of text/sound track or separate title English
082 ## - DEWEY DECIMAL CLASSIFICATION NUMBER
Classification number CPEC15-1087
100 ## - MAIN ENTRY--PERSONAL NAME
Personal name Ravikant G, Biradar. Abhishek Chatterjee. Prabhakar Mishra. Koshy George.
245 #0 - TITLE STATEMENT
Title FPGA Implementation Of Learning For Online System Identification
260 ## - PUBLICATION, DISTRIBUTION, ETC.
Date of publication, distribution, etc. 2015
500 ## - GENERAL NOTE
General note FPGA Implementation Of Learning For Online System Identification Ravikant G. Biradar, Abhishek Chatterjee, Prabhakar Mishra and Koshy George PES Centre for Intelligent Systems; Dept. of Telecommunication Engineering, PES Institute of Technology (now PES University), Bangalore. International Conference on Computing and Network Communications (CoCoNet), 2015 pp. 274-282. IEEE, December 2015.
650 ## - SUBJECT ADDED ENTRY--TOPICAL TERM
Topical term or geographic name entry element FPGA,Identification
942 ## - ADDED ENTRY ELEMENTS (KOHA)
Koha item type Institutional repository
Holdings
Date last seen Total checkouts Full call number Accession number Price effective from Category Lost status Damaged status Department Withdrawn status Home library Current library Shelving location Entry date Grants Currency symbol Conversion rate Discount Old discount
26/01/2024   CPEC15-1087 IR1087 26/01/2024 Institutional repository     EC   Central Library Central Library Central Library   EC RS 1    

© For any Suggestions or Query, please contact the library staff @ librarian@pes.edu or Phone: +9180 2672 1983/ 2108.